[Event "COL-ch U16"]
[Site "Medellin"]
[Date "2025.04.26"]
[Round "5"]
[White "Gomez Silva, Maximiliano"]
[Black "Sanchez Barreto, Josue Efrain"]
[Result "1/2-1/2"]
[WhiteElo "1743"]
[BlackElo "1968"]
[PlyCount "39"]
[EventDate "2025.04.24"]
[EventType "swiss"]
[EventRounds "7"]
[EventCountry "COL"]
[SourceTitle "CB18_2025"]
[SourceDate "2025.04.30"]
[SourceVersion "1"]
[SourceVersionDate "2025.04.30"]
[SourceQuality "1"]

1. d4 e6 2. c4 Nf6 3. g3 d5 4. Nf3 Be7 5. Bg2 c6 6. 0-0 0-0 7. Nc3 b6 8. Nd2 Nbd7 9. e4 dxe4 10. Ndxe4 Nxe4 11. Nxe4 Bb7 12. Qc2 Nf6 13. Rd1 h6 14. Bf4 Qc8 15. Nd6 Bxd6 16. Bxd6 Re8 17. Rac1 Nd7 18. b4 a5 19. a3 axb4 20. axb4 1/2-1/2

[Event "Medellin Sub zt 2.3.2"]
[Site "Medellin"]
[Date "2025.04.18"]
[Round "7"]
[White "Otero Munelo, Harlen Jose"]
[Black "Sanchez Barreto, Josue Efrain"]
[Result "1/2-1/2"]
[WhiteElo "2099"]
[BlackElo "1968"]
[PlyCount "30"]
[EventDate "2025.04.14"]
[EventType "swiss"]
[EventRounds "9"]
[EventCountry "COL"]
[SourceTitle "CB18_2025"]
[SourceDate "2025.04.30"]
[SourceVersion "1"]
[SourceVersionDate "2025.04.30"]
[SourceQuality "1"]

1. c4 Nf6 2. Nc3 e6 3. e4 d5 4. e5 d4 5. exf6 dxc3 6. bxc3 Qxf6 7. d4 e5 8. Qf3 Be7 9. Be3 Nc6 10. Qxf6 Bxf6 11. 0-0-0 exd4 12. cxd4 Bf5 13. Nf3 0-0-0 14. Bd3 Bg4 15. d5 Ne5 1/2-1/2

[Event "Medellin Sub zt 2.3.2"]
[Site "Medellin"]
[Date "2025.04.16"]
[Round "4"]
[White "Sanchez Barreto, Josue Efrain"]
[Black "Mora Munoz, Alejandro"]
[Result "0-1"]
[WhiteElo "1968"]
[BlackElo "2135"]
[PlyCount "68"]
[EventDate "2025.04.14"]
[EventType "swiss"]
[EventRounds "9"]
[EventCountry "COL"]
[SourceTitle "CB18_2025"]
[SourceDate "2025.04.30"]
[SourceVersion "1"]
[SourceVersionDate "2025.04.30"]
[SourceQuality "1"]

1. Nf3 Nf6 2. d4 e6 3. c4 d5 4. g3 Bb4+ 5. Bd2 Be7 6. Bg2 0-0 7. 0-0 c6 8. Bf4 dxc4 9. Ne5 Nd5 10. Nc3 Bb4 11. Rc1 b5 12. Bd2 Bxc3 13. bxc3 f6 14. Ng4 Bb7 15. e4 Nb6 16. h4 N8d7 17. h5 Qe7 18. f4 c5 19. f5 cxd4 20. h6 g6 21. fxg6 hxg6 22. cxd4 b4 23. e5 Bxg2 24. Kxg2 f5 25. Nh2 c3 26. Be3 Nd5 27. Qe2 N7b6 28. Nf3 Nxe3+ 29. Qxe3 Nd5 30. Qd3 Kh7 31. Kf2 a5 32. Rce1 a4 33. Qc2 Rfb8 34. Qc1 b3 0-1

[Event "Medellin Sub zt 2.3.2"]
[Site "Medellin"]
[Date "2025.04.15"]
[Round "3"]
[White "Ospina Castro, Santiago"]
[Black "Sanchez Barreto, Josue Efrain"]
[Result "1/2-1/2"]
[WhiteElo "2148"]
[BlackElo "1968"]
[PlyCount "53"]
[EventDate "2025.04.14"]
[EventType "swiss"]
[EventRounds "9"]
[EventCountry "COL"]
[SourceTitle "CB18_2025"]
[SourceDate "2025.04.30"]
[SourceVersion "1"]
[SourceVersionDate "2025.04.30"]
[SourceQuality "1"]

1. e4 e6 2. d4 d5 3. Nd2 dxe4 4. Nxe4 Nd7 5. Nf3 Ngf6 6. Nxf6+ Nxf6 7. c3 Bd6 8. Bd3 h6 9. 0-0 0-0 10. Qe2 b6 11. Rd1 Bb7 12. Ne5 Qe7 13. Bf4 Rfd8 14. a4 a5 15. Bb5 c5 16. dxc5 Bxc5 17. Nc6 Bxc6 18. Bxc6 Rxd1+ 19. Rxd1 Rd8 20. Rxd8+ Qxd8 21. Qd2 Qe7 22. h3 Nd5 23. Bg3 Nf6 24. Qd3 Nh5 25. Be5 Qg5 26. Bg3 Qe7 27. Bb8 1/2-1/2

[Event "Santiago de Cali U2000 op"]
[Site "Cali"]
[Date "2024.12.29"]
[Round "6"]
[White "Ramos, Jorge Andres"]
[Black "Sanchez Barreto, Josue Efrain"]
[Result "1/2-1/2"]
[WhiteElo "1797"]
[BlackElo "1948"]
[PlyCount "115"]
[EventDate "2024.12.27"]
[EventType "swiss"]
[EventRounds "7"]
[EventCountry "COL"]
[SourceTitle "CB01_2025"]
[SourceDate "2025.01.01"]
[SourceVersion "1"]
[SourceVersionDate "2025.01.01"]
[SourceQuality "1"]

1. e4 e6 2. d4 d5 3. Nd2 dxe4 4. Nxe4 Nd7 5. Nf3 Ngf6 6. Nxf6+ Nxf6 7. Bd3 Be7 8. 0-0 0-0 9. Ne5 c5 10. dxc5 Bxc5 11. Bg5 h6 12. Bh4 Bd6 13. Nc4 Be7 14. Qf3 Nd5 15. Bxe7 Qxe7 16. Rfe1 Rb8 17. Qxd5 exd5 18. Rxe7 dxc4 19. Bxc4 Bf5 20. Bb3 Bg6 21. Rd1 Rfe8 22. Rdd7 Rxe7 23. Rxe7 Kf8 24. Rc7 a5 25. f4 f6 26. Kf2 b5 27. a3 a4 28. Be6 Rd8 29. Bd7 Bxc2 30. Ke3 Bb3 31. f5 Bc4 32. g3 h5 33. Ke4 h4 34. gxh4 Bb3 35. Bxb5 Rd2 36. Rc8+ Ke7 37. Re8+ Kf7 38. Ra8 Rxh2 39. Ra7+ Kg8 40. Kd3 Rxh4 41. Kc3 Kh7 42. Bd3 Kh6 43. Rb7 Rh3 44. Rb4 Kg5 45. Rd4 Rg3 46. Rb4 Rh3 47. Rb7 Kh6 48. Rd7 Rg3 49. Kb4 Rg4+ 50. Kc3 Rg3 51. Rd8 Kg5 52. Rd4 Bd1 53. Kd2 Bb3 54. Rb4 Rg2+ 55. Kc3 Rg3 56. Kd4 Rg2 57. Kc3 Rg3 58. Rd4 1/2-1/2

[Event "Santiago de Cali U2000 op"]
[Site "Cali"]
[Date "2024.12.29"]
[Round "5"]
[White "Sanchez Barreto, Josue Efrain"]
[Black "Guarin Fonseca, Nobel Alfredo"]
[Result "0-1"]
[WhiteElo "1948"]
[BlackElo "1988"]
[PlyCount "70"]
[EventDate "2024.12.27"]
[EventType "swiss"]
[EventRounds "7"]
[EventCountry "COL"]
[SourceTitle "CB01_2025"]
[SourceDate "2025.01.01"]
[SourceVersion "1"]
[SourceVersionDate "2025.01.01"]
[SourceQuality "1"]

1. d4 Nf6 2. Nf3 g6 3. Nc3 Bg7 4. e4 d6 5. Bf4 c6 6. Qd2 b5 7. a3 0-0 8. Bh6 a5 9. h4 Bxh6 10. Qxh6 Ng4 11. Qd2 h5 12. Be2 Nd7 13. Nh2 Nxh2 14. Rxh2 Nf6 15. Qg5 b4 16. axb4 Qb6 17. e5 dxe5 18. dxe5 Ng4 19. Bxg4 Bxg4 20. Qf4 axb4 21. Na4 Qb5 22. f3 Bc8 23. b3 Ba6 24. Kd2 Rfd8+ 25. Kc1 Rd1+ 26. Kb2 Rxa1 27. Kxa1 Bc8 28. g4 hxg4 29. fxg4 Ra5 30. Rd2 Be6 31. Rd4 Rxa4+ 32. bxa4 Qxa4+ 33. Kb1 Qa3 34. Rd8+ Kg7 35. Qd4 Ba2+ 0-1

[Event "Santiago de Cali U2000 op"]
[Site "Cali"]
[Date "2024.12.28"]
[Round "4"]
[White "Franco Garzon, Jhonier Dario"]
[Black "Sanchez Barreto, Josue Efrain"]
[Result "0-1"]
[WhiteElo "1873"]
[BlackElo "1948"]
[PlyCount "76"]
[EventDate "2024.12.27"]
[EventType "swiss"]
[EventRounds "7"]
[EventCountry "COL"]
[SourceTitle "CB01_2025"]
[SourceDate "2025.01.01"]
[SourceVersion "1"]
[SourceVersionDate "2025.01.01"]
[SourceQuality "1"]

1. e4 e6 2. Nc3 d5 3. d3 Bb4 4. Bd2 dxe4 5. dxe4 e5 6. Bc4 Nf6 7. Qe2 Nc6 8. 0-0-0 Qe7 9. a3 Nd4 10. Qe1 Bxa3 11. bxa3 Qxa3+ 12. Kb1 Qb4+ 13. Bb3 Nxb3 14. cxb3 Qxb3+ 15. Kc1 Be6 16. Nf3 Qa3+ 17. Kb1 Qb3+ 18. Kc1 0-0-0 19. Qe3 Qa3+ 20. Kb1 Ng4 21. Qe2 Qb3+ 22. Kc1 Bc4 23. Nd4 Qa3+ 24. Kc2 Bxe2 25. Ndxe2 Nxf2 26. Ra1 Rxd2+ 27. Kxd2 Qb2+ 28. Ke3 Nxh1 29. Rxh1 Rd8 30. Rb1 Qd2+ 31. Kf2 Rd3 32. Nd5 c6 33. Ne7+ Kc7 34. Nf5 g6 35. Nfg3 a5 36. Nf1 Qa2 37. Re1 a4 38. Kg1 Qb2 0-1

[Event "COL-ch U16"]
[Site "Florencia Caqueta"]
[Date "2024.10.06"]
[Round "2"]
[White "Valencia Lopez, Rudiger Estiven"]
[Black "Sanchez Barreto, Josue Efrain"]
[Result "0-1"]
[WhiteElo "1644"]
[BlackElo "1903"]
[PlyCount "68"]
[EventDate "2024.10.06"]
[EventType "swiss (blitz)"]
[EventRounds "9"]
[EventCountry "COL"]
[SourceTitle "CB44_2024"]
[Source "Chessbase"]
[SourceDate "2024.10.30"]
[SourceVersion "1"]
[SourceVersionDate "2024.10.30"]
[SourceQuality "1"]

1. d4 Nf6 2. e3 b6 3. f4 Bb7 4. Nf3 e6 5. Bd3 c5 6. c3 cxd4 7. exd4 Be7 8. 0-0 0-0 9. Nbd2 d6 10. b3 Nbd7 11. Bb2 Rc8 12. Qe1 Re8 13. Qg3 Bf8 14. c4 Qc7 15. f5 e5 16. Ng5 e4 17. Be2 h6 18. Nh3 e3 19. Nf3 Ne4 20. Qf4 Ndf6 21. d5 Qc5 22. Bd4 Qa3 23. Bxe3 Nc3 24. Bd3 Ncxd5 25. cxd5 Nxd5 26. Qh4 Nxe3 27. Rfe1 Qb2 28. Qg3 Rc3 29. Bb5 Rec8 30. Nf4 Nc2 31. Rab1 Qxa2 32. f6 Nxe1 33. Rxe1 Bxf3 34. fxg7 Be7 0-1

[Event "COL-ch U16"]
[Site "Florencia Caqueta"]
[Date "2024.10.06"]
[Round "4"]
[White "Viasus Cuellar, Juan Diego"]
[Black "Sanchez Barreto, Josue Efrain"]
[Result "0-1"]
[WhiteElo "1766"]
[BlackElo "1903"]
[PlyCount "52"]
[EventDate "2024.10.06"]
[EventType "swiss (blitz)"]
[EventRounds "9"]
[EventCountry "COL"]
[SourceTitle "CB44_2024"]
[Source "Chessbase"]
[SourceDate "2024.10.30"]
[SourceVersion "1"]
[SourceVersionDate "2024.10.30"]
[SourceQuality "1"]

1. c4 Nf6 2. Nc3 e6 3. g3 d5 4. Bg2 Be7 5. Nf3 0-0 6. d4 b6 7. 0-0 Bb7 8. Nd2 Nbd7 9. e4 dxe4 10. Ndxe4 Rb8 11. h3 a6 12. Be3 Nxe4 13. Nxe4 Nf6 14. Nxf6+ Bxf6 15. Bxb7 Rxb7 16. Qd2 Qe7 17. Rad1 Rd8 18. Qc3 h6 19. Qb3 Rbb8 20. d5 b5 21. c5 exd5 22. Rxd5 Rxd5 23. Qxd5 Bxb2 24. Qc6 Qe6 25. Qxc7 Rc8 26. Qb7 Ba3 0-1

[Event "American Continental Rapid 18th"]
[Site "Medellin"]
[Date "2024.06.01"]
[Round "9"]
[White "Chaucanes, Lina Marcela"]
[Black "Sanchez Barreto, Josue Efrain"]
[Result "1-0"]
[WhiteElo "2026"]
[BlackElo "1932"]
[PlyCount "149"]
[EventDate "2024.06.01"]
[EventType "swiss (rapid)"]
[EventRounds "9"]
[EventCountry "COL"]
[SourceTitle "CBM 220 Extra"]
[Source "ChessBase"]
[SourceDate "2024.07.31"]
[SourceVersion "1"]
[SourceVersionDate "2024.07.31"]
[SourceQuality "1"]

1. e4 e6 2. d4 d5 3. exd5 exd5 4. c4 Bb4+ 5. Nc3 Nf6 6. Nf3 0-0 7. Be2 dxc4 8. 0-0 Bg4 9. h3 Bh5 10. Bg5 h6 11. Bh4 Nc6 12. d5 Bxc3 13. bxc3 Qxd5 14. Bxf6 Qxd1 15. Rfxd1 gxf6 16. g4 Bg6 17. Rd7 Rac8 18. Bxc4 Be4 19. Nh4 Ne5 20. Rd4 Nxc4 21. Rxe4 Nd2 22. Rf4 Rcd8 23. Rc1 Kg7 24. Nf5+ Kh7 25. Kg2 Rfe8 26. Rc2 Ne4 27. Nd4 Kg6 28. h4 Nc5 29. Rf5 Nd3 30. Rd2 Ne5 31. h5+ Kg7 32. Rf4 Kg8 33. Kg3 c5 34. Nb3 Rxd2 35. Nxd2 Rd8 36. Ne4 Rd3+ 37. f3 Kg7 38. Rxf6 Rxc3 39. Rf5 Rc2 40. Rxe5 c4 41. a4 Ra2 42. a5 b6 43. axb6 axb6 44. Rb5 Ra6 45. Rb4 b5 46. Rxb5 Rc6 47. Rc5 Rxc5 48. Nxc5 Kf6 49. Kf4 Ke7 50. Ke5 f6+ 51. Kd4 Kd6 52. f4 c3 53. Ne4+ Ke6 54. Nxc3 f5 55. g5 hxg5 56. fxg5 f4 57. Ke4 f3 58. Kxf3 Kf5 59. g6 Kf6 60. Kf4 Kg7 61. Kg5 Kh8 62. h6 Kg8 63. Ne4 Kh8 64. g7+ Kg8 65. Nf6+ Kf7 66. g8Q+ Ke7 67. Qe8+ Kd6 68. Kf5 Kc7 69. Ke5 Kb6 70. Qc8 Ka7 71. Qc6 Kb8 72. Qd7 Ka8 73. Kd6 Kb8 74. Kc6 Ka8 75. Qb7# 1-0

[Event "American Continental Rapid 18th"]
[Site "Medellin"]
[Date "2024.06.01"]
[Round "4"]
[White "Sanchez Barreto, Josue Efrain"]
[Black "Simancas Maradei, Miguel Alejandro"]
[Result "0-1"]
[WhiteElo "1932"]
[BlackElo "2006"]
[PlyCount "154"]
[EventDate "2024.06.01"]
[EventType "swiss (rapid)"]
[EventRounds "9"]
[EventCountry "COL"]
[SourceTitle "CBM 220 Extra"]
[Source "ChessBase"]
[SourceDate "2024.07.31"]
[SourceVersion "1"]
[SourceVersionDate "2024.07.31"]
[SourceQuality "1"]

1. d4 Nf6 2. Bf4 g6 3. Nc3 d5 4. e3 Bg7 5. Nf3 0-0 6. h4 h5 7. Ne5 c5 8. Be2 cxd4 9. exd4 Nc6 10. 0-0 Bf5 11. Bf3 Rc8 12. Rb1 Nb4 13. Rc1 Ne4 14. Bxe4 dxe4 15. a3 Nc6 16. Nxc6 bxc6 17. Ne2 Bg4 18. c3 e5 19. Bg5 Qb6 20. Qc2 exd4 21. Nxd4 c5 22. Ne2 Rfe8 23. Be3 Qf6 24. Bg5 Qe5 25. Rfe1 Bd7 26. Ng3 Bc6 27. Rcd1 f5 28. Ne2 Qc7 29. Nf4 Kh7 30. Nd5 Qf7 31. Nf4 Be5 32. Nh3 f4 33. Bd8 Qf5 34. Bg5 Qg4 35. Qb3 Rc7 36. Bd8 Rb7 37. Ng5+ Kg7 38. Qc4 f3 39. Qf1 Rxb2 40. Re3 Bb5 41. Rxe4 Bxf1 42. Rxg4 hxg4 43. Rd7+ Kg8 44. gxf3 Bb5 45. Rd5 g3 46. fxg3 Bxg3 47. Rd1 Re1+ 48. Rxe1 Bxe1 49. Ne4 Bc6 50. Nxc5 Bf2+ 51. Kh2 Bxc5+ 52. Kh3 Bd7+ 53. Kg3 Bd6+ 54. f4 Bf5 55. Bf6 Rd2 56. Bd4 Rd3+ 57. Kf2 Bxf4 58. Ke2 Rd2+ 59. Kf3 Bh6 60. h5 gxh5 61. a4 a6 62. a5 h4 63. Be5 h3 64. c4 h2 65. Bxh2 Rxh2 66. c5 Rc2 67. c6 Rxc6 68. Ke2 Rc5 69. Kd1 Rxa5 70. Ke2 Ra3 71. Kd1 Ra2 72. Ke1 Rb2 73. Kd1 a5 74. Ke1 a4 75. Kd1 a3 76. Ke1 a2 77. Kd1 a1Q# 0-1

[Event "American Continental 18th"]
[Site "Medellin"]
[Date "2024.05.30"]
[Round "9"]
[White "Caballero Marrugo, David Jose"]
[Black "Sanchez Barreto, Josue Efrain"]
[Result "1/2-1/2"]
[WhiteElo "2159"]
[BlackElo "1932"]
[PlyCount "45"]
[EventDate "2024.05.24"]
[EventType "swiss"]
[EventRounds "11"]
[EventCountry "COL"]
[SourceTitle "CBM 220 Extra"]
[Source "ChessBase"]
[SourceDate "2024.07.31"]
[SourceVersion "1"]
[SourceVersionDate "2024.07.31"]
[SourceQuality "1"]

1. d4 Nf6 2. Nf3 e6 3. e3 b6 4. Bd3 Bb7 5. Nbd2 d5 6. b3 Bd6 7. Bb2 0-0 8. Ne5 Ne4 9. Bxe4 dxe4 10. Qg4 f5 11. Qg3 Nd7 12. f3 Nxe5 13. dxe5 Bc5 14. fxe4 Bxe4 15. 0-0-0 Qe7 16. Nxe4 fxe4 17. Rd2 Rad8 18. Rxd8 Rxd8 19. Rd1 Rxd1+ 20. Kxd1 Qd7+ 21. Kc1 Qf7 22. Qe1 Qh5 23. b4 1/2-1/2

[Event "American Continental Blitz 18th"]
[Site "Medellin"]
[Date "2024.05.29"]
[Round "5"]
[White "Montilla Reyes, Jorcerys"]
[Black "Sanchez Barreto, Josue Efrain"]
[Result "0-1"]
[WhiteElo "2147"]
[BlackElo "1932"]
[PlyCount "118"]
[EventDate "2024.05.29"]
[EventType "swiss (blitz)"]
[EventRounds "9"]
[EventCountry "COL"]
[SourceTitle "CBM 220 Extra"]
[Source "ChessBase"]
[SourceDate "2024.07.31"]
[SourceVersion "1"]
[SourceVersionDate "2024.07.31"]
[SourceQuality "1"]

1. d4 Nf6 2. c4 e5 3. dxe5 Ng4 4. Nf3 Bc5 5. e3 Nc6 6. a3 a5 7. Nc3 Qe7 8. Be2 Ngxe5 9. Nd5 Qd8 10. b3 d6 11. Bb2 0-0 12. 0-0 Be6 13. Nd4 Rc8 14. f4 Nd7 15. Qd3 Bxd4 16. exd4 Nf6 17. Ne3 d5 18. f5 dxc4 19. bxc4 Bd7 20. d5 Nb8 21. Ng4 Nxg4 22. Bxg4 c6 23. Qd4 f6 24. Rac1 Kh8 25. Bh5 Be8 26. Bf3 Bf7 27. a4 Na6 28. d6 c5 29. Qf4 Nb4 30. Rfd1 Qd7 31. Qe4 b6 32. Qe7 Qxf5 33. d7 Rcd8 34. Bc3 Na2 35. Be4 Qf4 36. Rf1 Qe3+ 37. Kh1 Nxc1 38. Be1 Ne2 39. Bf2 Qc3 40. Bf3 Nd4 41. Bxd4 Qxd4 42. Bd5 Qe5 43. Qxe5 fxe5 44. Rxf7 Rxf7 45. Bxf7 Rxd7 46. Bd5 g6 47. Kg1 Kg7 48. Kf2 Kf6 49. Ke3 Rxd5 50. cxd5 Ke7 51. Ke4 Kd6 52. g4 g5 53. Kf5 Kxd5 54. Kxg5 c4 55. Kh6 c3 56. g5 c2 57. Kxh7 c1Q 58. g6 Qc2 59. h4 Qf5 0-1

[Event "American Continental 18th"]
[Site "Medellin"]
[Date "2024.05.29"]
[Round "8"]
[White "Sanchez Barreto, Josue Efrain"]
[Black "Cano Alcaraz, Juan Jose"]
[Result "1/2-1/2"]
[WhiteElo "1932"]
[BlackElo "2098"]
[PlyCount "76"]
[EventDate "2024.05.24"]
[EventType "swiss"]
[EventRounds "11"]
[EventCountry "COL"]
[SourceTitle "CBM 220 Extra"]
[Source "ChessBase"]
[SourceDate "2024.07.31"]
[SourceVersion "1"]
[SourceVersionDate "2024.07.31"]
[SourceQuality "1"]

1. d4 Nf6 2. Bf4 e6 3. c4 d5 4. Nc3 Be7 5. e3 0-0 6. Nf3 c5 7. Be2 cxd4 8. Nxd4 Nbd7 9. Bg5 dxc4 10. 0-0 Qa5 11. Bh4 Nb6 12. Bf3 e5 13. Nc2 Rd8 14. Qe2 Bf5 15. e4 Be6 16. Ne3 Rd3 17. Rac1 Rad8 18. Bxf6 Bxf6 19. Ncd5 Bxd5 20. exd5 Rd4 21. Nxc4 Nxc4 22. Rxc4 Rd2 23. Qe1 b6 24. Qc1 e4 25. Bxe4 Rxb2 26. Rc8 b5 27. Qc6 Rxc8 28. Qxc8+ Qd8 29. Rc1 Kf8 30. Qh3 Qb6 31. Rc8+ Ke7 32. Qg3 Rxf2 33. Qc7+ Qxc7 34. Rxc7+ Kd8 35. Kxf2 Kxc7 36. Bxh7 Kd6 37. Be4 a5 38. Ke2 Ke5 1/2-1/2